[Event "20th Open"]
[Site "Cappelle la Grande"]
[Date "2004.03.01"]
[Round "3"]
[White "Vysochin, Spartak"]
[Black "Berkovich, Mark A"]
[Result "1-0"]
[WhiteElo "2584"]
[BlackElo "2397"]
[PlyCount "98"]
[EventDate "2004.02.28"]
[Source "Roberto Alvarez"]
[SourceDate "2004.03.08"]

1. e4 e5 2. Nf3 Nc6 3. Bb5 Bc5 4. O-O d6 5. c3 Bd7 6. d4 Bb6 7. Na3 Nge7 8. Nc4 O-O 9. a4 exd4 10. cxd4 Bg4 11. d5 Bxf3 12. Qxf3 Nd4 13. Qd3 Nxb5 14. axb5 Qd7 15. Qb3 Kh8 16. Rd1 Ng6 17. Be3 Rae8 18. Nxb6 axb6 19. Rd4 f5 20. exf5 Rxf5 21. Rc1 Rf7 22. h3 Ne7 23. Re4 Ref8 24. Qc4 Ng6 25. Bd4 Qf5 26. Be3 Ne5 27. Qd4 h5 28. Kh2 Qd7 29. f4 Ng6 30. Qc4 Qf5 31. Re1 Ne7 32. Rd1 Ng6 33. Rdd4 Nh4 34. Bf2 Ng6 35. Qe2 h4 36. Be3 Ne7 37. Qc4 Qg6 38. Bf2 Nf5 39. Re6 Qh5 40. Rde4 Qd1 41. Rg6 Ne7 42. Rg5 Nf5 43. Rg4 Kg8 44. Bxh4 Nh6 45. Rg5 Qd2 46. Be1 Qxb2 47. Bc3 Qf2 48. Re2 Qf1 49. Bxg7 Ra8 1-0

[Event "Vestmannaeyjum"]
[Site "Vestmannaeyjum"]
[Date "1985.??.??"]
[Round "13"]
[White "Sigurjonsson, Gudmundur"]
[Black "Plaskett, Jim"]
[Result "1/2-1/2"]
[WhiteElo "2485"]
[BlackElo "2495"]
[PlyCount "88"]
[EventDate "1985.??.??"]
[Source "ChessBase"]

1. e4 e5 2. Nf3 Nc6 3. Bb5 Bc5 4. O-O d6 5. c3 Bd7 6. d4 Bb6 7. Bg5 Nf6 8. dxe5 Nxe5 9. Bxd7+ Qxd7 10. Nbd2 O-O-O 11. Nxe5 dxe5 12. Bxf6 gxf6 13. Nc4 Qe6 14. Qe2 Rhg8 15. Rad1 f5 16. exf5 Qxf5 17. Rxd8+ Rxd8 18. Nxb6+ axb6 19. Rd1 Rg8 20. g3 h5 21. h4 e4 22. Rd4 Re8 23. Qe3 Qe6 24. c4 Qg4 25. Rd5 f6 26. c5 bxc5 27. Rxc5 Rd8 28. Rc3 Kb8 29. Kg2 b6 30. a4 Qf5 31. Rc4 Re8 32. b4 Re6 33. b5 Rd6 34. Qxe4 Qd7 35. Rc6 Rxc6 36. bxc6 Qd6 37. Qc4 Ka7 38. Kf3 f5 39. Qb5 Qd1+ 40. Kf4 Qd2+ 41. Kxf5 Qxf2+ 42. Kg6 Qxg3+ 43. Kxh5 Qf3+ 44. Kg5 Qg3+ 1/2-1/2

[Event "EUCup Gr3"]
[Site "Lubniewice"]
[Date "1994.??.??"]
[Round "2"]
[White "Malisauskas, Vidmantas"]
[Black "Sepp, Olav"]
[Result "1/2-1/2"]
[WhiteElo "2510"]
[BlackElo "2470"]
[PlyCount "93"]
[EventDate "1994.??.??"]
[Source "ChessBase"]

1. e4 e5 2. Nf3 Nc6 3. Bb5 Bc5 4. O-O Nd4 5. Nxd4 Bxd4 6. c3 Bb6 7. d4 c6 8. Bc4 d6 9. dxe5 dxe5 10. Qxd8+ Bxd8 11. Be3 Bb6 12. Bxb6 axb6 13. Nd2 b5 14. Bb3 Ke7 15. c4 b4 16. Nf3 Ra5 17. a3 bxa3 18. Rxa3 Rxa3 19. bxa3 f6 20. c5 Nh6 21. Rb1 Rd8 22. Bc4 Nf7 23. Kf1 Ng5 24. Nxg5 fxg5 25. Ke2 Rd4 26. Bd3 Ra4 27. Rb3 Ra5 28. Rc3 Be6 29. Ke3 g4 30. Be2 h5 31. f3 gxf3 32. Bxf3 g6 33. h4 Rb5 34. Kd2 Kf6 35. Be2 Ra5 36. Ke3 g5 37. hxg5+ Kxg5 38. g3 Ra8 39. Bf3 Bg4 40. Bg2 Rf8 41. Rb3 h4 42. gxh4+ Kxh4 43. Rb1 Kg3 44. Rg1 Kh2 45. Rf1 Ra8 46. Kf2 Rf8+ 47. Ke3 1/2-1/2

[Event "Sao Paulo Open"]
[Site "Sao Paulo BRA"]
[Date "1991.??.??"]
[Round "10"]
[White "Sisniega, Marcel"]
[Black "Lima, Darcy"]
[Result "1-0"]
[WhiteElo "2530"]
[BlackElo "2445"]
[PlyCount "123"]
[EventDate "1991.??.??"]
[Source "www.chesslib.no"]
[SourceDate "2004.05.04"]

1. e4 e5 2. Nf3 Nc6 3. Bb5 Bc5 4. O-O Nd4 5. Nxd4 Bxd4 6. c3 Bb6 7. d4 c6 8. Ba4 d6 9. Na3 Nf6 10. Nc4 Bc7 11. Bc2 exd4 12. Qxd4 d5 13. exd5 Qxd5 14. Re1+ Be6 15. Qxd5 cxd5 16. Ba4+ Ke7 17. Ne3 Rhd8 18. Nf5+ Kf8 19. Nd4 Bd7 20. Bb3 h6 21. h3 Re8 22. Be3 Rad8 23. Rad1 a6 24. Nf3 Bb5 25. Bc5+ Kg8 26. Be7 Rd7 27. Bxf6 Rxe1+ 28. Nxe1 gxf6 29. Nc2 Be5 30. Rxd5 Re7 31. Rd8+ Re8 32. Rxe8+ Bxe8 33. Bd5 b5 34. Kf1 Kf8 35. Ke2 Ke7 36. Kd3 Kd6 37. Ne3 Bd7 38. Bxf7 f5 39. Bg6 f4 40. Nf5+ Bxf5+ 41. Bxf5 a5 42. a3 b4 43. cxb4 axb4 44. axb4 Bxb2 45. Ke4 Ba3 46. b5 Bc5 47. f3 Be3 48. g3 Bd2 49. gxf4 Bc1 50. Bg6 Bb2 51. Be8 Ke6 52. b6 Ba3 53. b7 Bd6 54. Ba4 Bb8 55. Bb3+ Kf6 56. f5 Ke7 57. Kd5 Bf4 58. Kc6 Be5 59. h4 Bf4 60. h5 Be5 61. Bc4 Bf4 62. Bf1 1-0

[Event "Sevilla op"]
[Site "Sevilla"]
[Date "1993.??.??"]
[Round "3"]
[White "Khalifman, Alexander"]
[Black "Montecatine Rios, Ricardo"]
[Result "1-0"]
[WhiteElo "2630"]
[BlackElo "2345"]
[PlyCount "81"]
[EventDate "1993.01.??"]
[Source "ChessBase"]

1. e4 e5 2. Nf3 Nc6 3. Bb5 Bc5 4. O-O Nd4 5. Nxd4 Bxd4 6. c3 Bb6 7. d4 c6 8. Ba4 d6 9. Na3 exd4 10. cxd4 Ne7 11. d5 O-O 12. dxc6 bxc6 13. Bg5 f6 14. Bf4 d5 15. Re1 Be6 16. Bb3 Qd7 17. exd5 Nxd5 18. Nc4 Rfd8 19. Bg3 Bc7 20. Qd4 Bxg3 21. hxg3 Bf7 22. Rad1 Qc7 23. Qc5 Rab8 24. Rd2 Rb5 25. Qd4 c5 26. Qe4 Rbb8 27. Red1 Nb6 28. Nd6 Bxb3 29. axb3 Rd7 30. Qe6+ Kf8 31. g4 Re7 32. Qf5 Kg8 33. Qf3 Re5 34. g3 Qe7 35. Nf5 Qe8 36. Rd6 Re1+ 37. Rxe1 Qxe1+ 38. Kg2 Re8 39. Qb7 Qe4+ 40. Qxe4 Rxe4 41. Rd8+ 1-0

[Event "Rome Open"]
[Site "Rome ITA"]
[Date "1990.??.??"]
[Round "7"]
[White "Barlov, Dragan"]
[Black "Mariotti, Sergio"]
[Result "1-0"]
[WhiteElo "2520"]
[BlackElo "2450"]
[PlyCount "101"]
[EventDate "1990.02.??"]
[Source "www.chesslib.no"]
[SourceDate "2004.05.04"]

1. e4 e5 2. Nf3 Nc6 3. Bb5 Bc5 4. O-O Qf6 5. c3 Nge7 6. d3 h6 7. Be3 Bb6 8. Na3 Ng6 9. Nc4 O-O 10. a4 Bxe3 11. fxe3 Qe7 12. Ncd2 d6 13. a5 Nd8 14. Rf2 c6 15. Bc4 Be6 16. Qb3 Bxc4 17. dxc4 Ne6 18. Nf1 Rad8 19. Ng3 Nc5 20. Qa2 Qe6 21. b4 Nd7 22. h3 Ne7 23. Rd1 Nf6 24. Rfd2 Rd7 25. c5 Qxa2 26. Rxa2 Rfd8 27. cxd6 Rxd6 28. Rxd6 Rxd6 29. Kf2 Nd7 30. Ke2 Kf8 31. Nf1 Nc8 32. c4 c5 33. b5 Ke7 34. g4 Re6 35. Ng3 g6 36. Nd2 Nd6 37. Ra1 h5 38. gxh5 gxh5 39. Nf5+ Kf8 40. Rg1 Nf6 41. Kf3 Nh7 42. Rg7 Nf6 43. Rg5 b6 44. a6 Nxf5 45. exf5 e4+ 46. Kf4 Re7 47. Rg2 Re8 48. Nb1 Nd7 49. Rg5 Ne5 50. Rxh5 Kg7 51. f6+ 1-0

[Event "OHRA"]
[Site "Amsterdam"]
[Date "1984.??.??"]
[Round "7"]
[White "Campora, Daniel Hugo"]
[Black "Wedberg, Tom"]
[Result "1/2-1/2"]
[WhiteElo "2480"]
[BlackElo "2485"]
[PlyCount "85"]
[EventDate "1984.07.??"]
[Source "ChessBase"]

1. e4 e5 2. Nf3 Nc6 3. Bb5 Bc5 4. O-O Nd4 5. Nxd4 Bxd4 6. c3 Bb6 7. d4 c6 8. Ba4 d6 9. Na3 exd4 10. cxd4 Ne7 11. d5 O-O 12. dxc6 bxc6 13. Nc4 Bc7 14. Re1 Be6 15. Qe2 d5 16. exd5 cxd5 17. Ne5 Ng6 18. Nxg6 hxg6 19. g3 Qf6 20. Rd1 Rab8 21. Bb3 Rfe8 22. Be3 Be5 23. Bxa7 Ra8 24. Be3 d4 25. Bxe6 dxe3 26. Bd5 Rad8 27. fxe3 Bxb2 28. Rab1 Bd4 29. Qf3 Qxf3 30. Bxf3 Bxe3+ 31. Kg2 Rc8 32. Rb2 Bc1 33. Rf2 Re7 34. Bd5 Ba3 35. Rdf1 Rcc7 36. Bb3 Kf8 37. Rd2 Rcd7 38. Rfd1 Rxd2+ 39. Rxd2 Ra7 40. h4 Ke7 41. Kf3 Rc7 42. Re2+ Kf8 43. Re3 1/2-1/2

[Event "II Campionato Italiano Lampo Online"]
[Site "playchess.com"]
[Date "2007.12.23"]
[Round "1.1"]
[White "Stromboli, Carlo"]
[Black "Godena, Michele"]
[Result "1/2-1/2"]
[WhiteElo "2413"]
[BlackElo "2547"]
[PlyCount "140"]
[EventDate "2007.12.23"]
[Source "www.chesslib.no"]
[SourceDate "2004.05.04"]

1. e4 e5 2. Nf3 Nc6 3. Bb5 Bc5 4. O-O Qf6 5. c3 Nge7 6. h3 O-O 7. d3 d6 8. Be3 Bb6 9. a4 Qg6 10. Kh2 f5 11. Nh4 Qf6 12. Nxf5 Bxf5 13. exf5 Nxf5 14. Bxb6 axb6 15. Bxc6 bxc6 16. Nd2 Kh8 17. Ne4 Qg6 18. Qg4 Qe6 19. Ng5 Qf6 20. Ne4 Qe7 21. b4 h6 22. a5 bxa5 23. bxa5 d5 24. Ng3 Nd6 25. a6 Rf4 26. Qe2 Nb5 27. Qd2 Ra7 28. d4 Qf6 29. dxe5 Qxe5 30. Rfe1 Qd6 31. Re8+ Rf8 32. Qe3 Rxe8 33. Qxe8+ Kh7 34. Qe3 Qf6 35. Ra5 Qxc3 36. Qxc3 Nxc3 37. Rc5 d4 38. Rxc6 Nd5 39. Nf5 d3 40. Rc5 Nb4 41. Rb5 c5 42. Rxc5 d2 43. Ne3 Rxa6 44. Rc4 Re6 45. Rd4 Nc6 46. Rxd2 Ne5 47. Ng4 Nxg4+ 48. hxg4 Re4 49. f3 Ra4 50. Kg3 Rb4 51. Rd6 g5 52. Re6 Kg7 53. Re5 Rf4 54. Rf5 Rb4 55. Kh3 Ra4 56. g3 Rb4 57. f4 Kg6 58. Rf8 Ra4 59. f5+ Kg7 60. Rb8 Ra2 61. Rb7+ Kg8 62. Rb6 Kg7 63. Rg6+ Kh7 64. Rb6 Rf2 65. Rb7+ Kg8 66. Rb6 Kg7 67. Rg6+ Kh7 68. Rb6 Kg7 69. Rb7+ Kg8 70. Rb6 Kg7 1/2-1/2

[Event "Memorial Jirasek"]
[Site "Rakovnik CEC"]
[Date "2008.08.10"]
[Round "2"]
[White "Langrock, H."]
[Black "Stocek, J."]
[Result "0-1"]
[WhiteElo "2398"]
[BlackElo "2559"]
[PlyCount "108"]
[EventDate "2008.08.09"]
[Source "www.chesslib.no"]
[SourceDate "2004.05.04"]

1. e4 e5 2. Nf3 Nc6 3. Bb5 Bc5 4. d3 d6 5. Be3 Bb6 6. Bxb6 axb6 7. d4 exd4 8. Qxd4 Nf6 9. e5 dxe5 10. Qxe5+ Be6 11. Nc3 O-O 12. Bxc6 bxc6 13. O-O Re8 14. Rfd1 Qc8 15. Qd4 h6 16. a3 Bg4 17. Rd3 Bf5 18. Rd2 Ne4 19. Nxe4 Rxe4 20. Qc3 Qe6 21. Rd4 c5 22. Rxe4 Qxe4 23. Rc1 Rd8 24. Kf1 Qe8 25. h3 Qb5+ 26. Kg1 Qe2 27. Qe3 Qxe3 28. fxe3 g5 29. Kf2 f6 30. Ke2 Kf7 31. Rd1 Ra8 32. c3 Ke7 33. Rd2 Be4 34. Kf2 Ra4 35. Nh2 h5 36. g3 Bc6 37. g4 hxg4 38. hxg4 Bd7 39. Kf3 Be6 40. Rd1 Bd7 41. Rg1 Bc6+ 42. Kf2 Ra8 43. Rd1 Rh8 44. Kg3 Ke6 45. Rd2 Ke5 46. Nf1 Rh1 47. Kf2 Bb5 48. Ng3 Rh2+ 49. Ke1 Rxd2 50. Kxd2 Bd7 51. Nf1 Bxg4 52. Kd3 c4+ 53. Kd2 Ke4 54. Kc2 Be2 0-1

[Event "Krasnodar2"]
[Site "Krasnodar"]
[Date "1998.??.??"]
[Round "9"]
[White "Zagrebelny, Sergey"]
[Black "Vakhidov, Tahir"]
[Result "1/2-1/2"]
[WhiteElo "2485"]
[BlackElo "2470"]
[PlyCount "40"]
[EventDate "1998.??.??"]
[Source "www.chesslib.no"]
[SourceDate "2004.05.04"]

1. e4 e5 2. Nf3 Nc6 3. Bb5 Bc5 4. O-O Nd4 5. Nxd4 Bxd4 6. c3 Bb6 7. d4 c6 8. Bc4 d6 9. dxe5 dxe5 10. Qxd8+ Bxd8 11. Be3 Nf6 12. f3 Bb6 13. Kf2 Ke7 14. Nd2 Be6 15. Rfd1 Rhd8 16. Bxe6 Bxe3+ 17. Kxe3 Kxe6 18. Nc4 Ne8 19. Na5 Rxd1 20. Rxd1 Nd6 1/2-1/2

[Event "Capablanca mem-B"]
[Site "Cuba"]
[Date "1993.??.??"]
[Round "7"]
[White "Garcia, Gildardo"]
[Black "Armas, Jorge"]
[Result "1/2-1/2"]
[WhiteElo "2520"]
[BlackElo "2435"]
[PlyCount "46"]
[EventDate "1993.??.??"]
[Source "ChessBase"]

1. e4 e5 2. Nf3 Nc6 3. Bb5 Bc5 4. O-O d6 5. c3 Bd7 6. d4 Bb6 7. Na3 Nge7 8. Nc4 O-O 9. a4 exd4 10. cxd4 Bg4 11. Bxc6 Nxc6 12. d5 Ne5 13. Ncxe5 dxe5 14. h3 Bh5 15. Ra3 Qe7 16. Re1 Rfd8 17. Be3 c6 18. Bxb6 axb6 19. Qb3 cxd5 20. exd5 Bxf3 21. Qxf3 Ra5 22. Qe3 Raxd5 23. Qxb6 R8d6 1/2-1/2

[Event "Blindsimultan, Gj vik"]
[Site "?"]
[Date "1998.??.??"]
[Round "?"]
[White "Djurhuus, Rune"]
[Black "Vea, Kristian"]
[Result "1-0"]
[WhiteElo "2455"]
[BlackElo "2500"]
[PlyCount "45"]
[EventDate "1998.??.??"]
[Source "www.chesslib.no"]
[SourceDate "2004.05.04"]

1. e4 e5 2. Nf3 Nc6 3. Bb5 Bc5 4. O-O d6 5. c3 Nf6 6. d4 exd4 7. cxd4 Bb6 8. d5 O-O 9. dxc6 Nxe4 10. Nc3 Nc5 11. Bg5 f6 12. Be3 a6 13. Bc4+ Be6 14. Bxe6+ Nxe6 15. cxb7 Rb8 16. Bxb6 cxb6 17. Qd5 Re8 18. Nd4 Kf7 19. f4 g6 20. g4 Qd7 21. f5 g5 22. fxe6+ Rxe6 23. Nxe6 1-0

[Event "Redbus Knockout"]
[Site "London"]
[Date "2000.??.??"]
[Round "1.2"]
[White "McShane, Luke J"]
[Black "Plaskett, Jim"]
[Result "1/2-1/2"]
[WhiteElo "2438"]
[BlackElo "2516"]
[PlyCount "181"]
[EventDate "2000.04.21"]
[Source "ChessBase"]
[SourceDate "2000.05.31"]

1. e4 e5 2. Nf3 Nc6 3. Bb5 Bc5 4. O-O d6 5. c3 Bd7 6. d4 Bb6 7. dxe5 dxe5 8. Bxc6 Bxc6 9. Nxe5 Qxd1 10. Rxd1 Bxe4 11. Re1 f5 12. Nd2 Nf6 13. Nxe4 Nxe4 14. Be3 Bxe3 15. Rxe3 O-O 16. Rd1 Rfe8 17. Nf3 Nd6 18. Rxe8+ Rxe8 19. Kf1 Kf7 20. Re1 Ne4 21. Re2 Rd8 22. Ke1 Kf6 23. g3 a5 24. Nd2 Nc5 25. Kd1 Ne4 26. Kc2 Rxd2+ 27. Rxd2 Nxd2 28. Kxd2 Kg5 29. h3 f4 30. Kd3 Kf5 31. a4 Ke5 32. b4 f3 33. g4 Kd5 34. h4 axb4 35. cxb4 c5 36. bxc5 Kxc5 37. Kc3 b6 38. h5 h6 39. Kb3 Kd4 40. Kb4 Kd3 41. Kb5 Ke2 42. Kxb6 Kxf2 43. a5 Kg3 44. a6 f2 45. a7 f1=Q 46. a8=Q Qf6+ 47. Kc5 Kxg4 48. Qe8 Kf5 49. Kd5 Kg4 50. Kc5 Qf5+ 51. Kd4 Kh4 52. Ke3 Qxh5 53. Qf8 Qe5+ 54. Kd3 Kg4 55. Qb4+ Kg3 56. Qb6 Kg4 57. Qg6+ Kf4 58. Qg1 Kf5 59. Qg2 g5 60. Qf3+ Kg6 61. Qc6+ Qf6 62. Qe8+ Qf7 63. Qc6+ Kh7 64. Ke2 h5 65. Qc2+ Kh6 66. Qc6+ Qg6 67. Qc8 Qf6 68. Qd7 Kg6 69. Qe8+ Kh6 70. Qd7 h4 71. Ke1 Kg6 72. Qd3+ Qf5 73. Qa6+ Kf7 74. Qb7+ Kf6 75. Qa8 Kg6 76. Qe8+ Qf7 77. Qe4+ Kh6 78. Qg4 Qf4 79. Qe6+ Kh5 80. Qe2+ Kg6 81. Qe6+ Qf6 82. Qd7 Qe5+ 83. Kd2 Kh5 84. Kd3 Qg3+ 85. Kd2 Qf4+ 86. Ke1 Qe3+ 87. Kf1 h3 88. Qh7+ Kg4 89. Qf5+ Kh4 90. Qh7+ Kg3 91. Qxh3+ 1/2-1/2

[Event "Montreal"]
[Site "Montreal"]
[Date "2001.08.??"]
[Round "8"]
[White "Rozentalis, Eduardas"]
[Black "Barbeau, Sylvain"]
[Result "1-0"]
[WhiteElo "2588"]
[BlackElo "2365"]
[PlyCount "93"]
[EventDate "2001.08.02"]
[Source "ChessBase"]
[SourceDate "2001.11.13"]

1. e4 e5 2. Nf3 Nc6 3. Bb5 Bc5 4. d3 Nd4 5. Nxd4 Bxd4 6. Nd2 c6 7. Ba4 d6 8. Nf3 Bb6 9. h3 Ne7 10. O-O O-O 11. c3 Ng6 12. d4 h6 13. Re1 Qf6 14. Bb3 Nf4 15. Bxf4 Qxf4 16. a4 a5 17. Bc4 Qf6 18. Re3 Re8 19. Qb3 Ba7 20. Rd1 Qe7 21. Red3 Rf8 22. Re1 Rb8 23. Qd1 Bb6 24. Qd2 Bc7 25. b4 Kh8 26. b5 Bb6 27. bxc6 bxc6 28. dxe5 dxe5 29. Rd6 Kh7 30. Rxc6 Rd8 31. Bd5 Bd7 32. Rc4 f6 33. Qc2 g5 34. Nh2 Bc5 35. Qe2 Kg6 36. Rxc5 Qxc5 37. Qh5+ Kh7 38. Qf7+ Kh8 39. Qxf6+ Kh7 40. Nf3 Rf8 41. Qxe5 Rbc8 42. Rb1 Rfe8 43. Qf6 Rf8 44. Qa6 Qxc3 45. Qd6 Qc7 46. Qe7+ Kh8 47. Ne5 1-0

[Event "CUB-ch"]
[Site "Las Tunas"]
[Date "2001.04.01"]
[Round "1"]
[White "Abreu, Aryam"]
[Black "Perez, Rodney"]
[Result "0-1"]
[WhiteElo "2480"]
[BlackElo "2471"]
[PlyCount "74"]
[EventDate "2001.04.01"]
[Source "ChessBase"]
[SourceDate "2001.07.05"]

1. e4 e5 2. Nf3 Nc6 3. Bb5 Bc5 4. O-O d6 5. c3 Bd7 6. d4 Bb6 7. Bg5 f6 8. Be3 Nge7 9. a4 O-O 10. Na3 Kh8 11. Nc4 exd4 12. cxd4 a6 13. Nxb6 cxb6 14. Bc4 Rc8 15. d5 Na5 16. Be2 Nc4 17. Bd4 b5 18. axb5 Bxb5 19. b3 Ne5 20. Bxb5 Nxf3+ 21. Qxf3 axb5 22. Ra7 Qd7 23. h3 f5 24. Qg3 Ng6 25. exf5 Rxf5 26. Qg4 Rcf8 27. g3 Qf7 28. h4 Ne5 29. Bxe5 Rxe5 30. Qd4 Rxd5 31. Qb6 Rd3 32. Rb1 h6 33. Rxb7 Qg6 34. Kh2 Rxg3 35. fxg3 Qc2+ 36. Kh3 Qxb1 37. Qxd6 Qf1+ 0-1

[Event "Phone League"]
[Site "?"]
[Date "1976.??.??"]
[Round "3"]
[White "Biyiasas, Peter"]
[Black "Vukcevich, Milan R"]
[Result "0-1"]
[WhiteElo "2460"]
[BlackElo "2490"]
[PlyCount "58"]
[EventDate "1976.??.??"]
[Source "www.chesslib.no"]
[SourceDate "2004.05.04"]

1. e4 e5 2. Nf3 Nc6 3. Bb5 Bc5 4. O-O Nge7 5. c3 Bb6 6. d4 exd4 7. cxd4 d5 8. exd5 Nxd5 9. Re1+ Be6 10. Ne5 O-O 11. Nxc6 bxc6 12. Bxc6 Rb8 13. Nc3 Nb4 14. Be4 Bxd4 15. Bf4 Qf6 16. Bg3 Na6 17. Bxh7+ Kxh7 18. Ne4 Qd8 19. Qd3 f5 20. Qxa6 Rb6 21. Qa3 fxe4 22. Rad1 c5 23. Qxa7 Rxb2 24. Be5 Rf7 25. Qa6 Qh4 26. Bxd4 cxd4 27. Re2 Rxf2 28. Rxb2 Rxb2 29. Rf1 Qg4 0-1

[Event "Groningen Harmonie"]
[Site "?"]
[Date "2002.12.24"]
[Round "4"]
[White "Nijboer Friso"]
[Black "Baramidze David"]
[Result "1-0"]
[WhiteElo "2556"]
[BlackElo "2390"]
[PlyCount "57"]
[EventDate "2002.??.??"]
[Source "www.chesslib.no"]
[SourceDate "2004.05.04"]

1. e4 e5 2. Nf3 Nc6 3. Bb5 Bc5 4. O-O Qf6 5. c3 Nge7 6. Re1 O-O 7. d4 exd4 8. e5 Qg6 9. cxd4 Nxd4 10. Nxd4 Qb6 11. Be3 Bxd4 12. Qxd4 Qxb5 13. Na3 Qd5 14. Qc5 Qxc5 15. Bxc5 Re8 16. Bxe7 Rxe7 17. Nb5 c6 18. Nd6 b6 19. f4 Ba6 20. g4 Rf8 21. Rad1 f6 22. Nf5 Ref7 23. exf6 Rxf6 24. Rxd7 Kh8 25. Rxg7 Bd3 26. Rxa7 Rg8 27. Kf2 Rxg4 28. Re8+ Rg8 29. Raa8 1-0

[Event "Rome"]
[Site "Rome"]
[Date "1980.??.??"]
[Round "5"]
[White "Makropoulos, Georgios"]
[Black "Mariotti, Sergio"]
[Result "1/2-1/2"]
[WhiteElo "2445"]
[BlackElo "2500"]
[PlyCount "53"]
[EventDate "1980.02.??"]
[Source "ChessBase"]

1. e4 Nc6 2. Nf3 e5 3. Bb5 Bc5 4. O-O Qf6 5. Nc3 Nge7 6. Nd5 Nxd5 7. exd5 Nd4 8. Nxd4 Bxd4 9. c3 Bb6 10. d4 O-O 11. dxe5 Qxe5 12. Qf3 d6 13. Bd2 Qf5 14. Qxf5 Bxf5 15. Rae1 a6 16. Ba4 Bd3 17. Be3 Bxe3 18. Rxe3 Bb5 19. Bxb5 axb5 20. a3 Rfe8 21. Rfe1 Kf8 22. f4 Rxe3 23. Rxe3 Ra4 24. g3 c5 25. Kf2 Ra8 26. Re4 Re8 27. Kf3 1/2-1/2

[Event "Ch (Men) Santa Clara CUB"]
[Site "?"]
[Date "2006.02.08"]
[Round "4"]
[White "Hernandez Holden"]
[Black "De la Paz Frank"]
[Result "1-0"]
[WhiteElo "2499"]
[BlackElo "2445"]
[PlyCount "115"]
[EventDate "2006.??.??"]
[Source "www.chesslib.no"]
[SourceDate "2004.05.04"]

1. e4 e5 2. Nf3 Nc6 3. Bb5 Bc5 4. O-O d6 5. Nc3 Nf6 6. d4 exd4 7. Nxd4 Bd7 8. Nf5 O-O 9. Bg5 Bxf5 10. exf5 Re8 11. Nd5 Bd4 12. Bxc6 bxc6 13. Nxc7 Qxc7 14. Qxd4 Re4 15. Qd3 d5 16. Bxf6 gxf6 17. Rfe1 Rae8 18. Rxe4 Rxe4 19. Qg3+ Qxg3 20. hxg3 Re5 21. Rd1 Re2 22. Rc1 Re5 23. Kf1 Rxf5 24. f4 Rh5 25. Kf2 f5 26. Re1 Kf8 27. Re3 d4 28. Rd3 Rh1 29. Rxd4 Rb1 30. b3 Ke7 31. Rd2 Rb2 32. a4 c5 33. Ke3 c4 34. bxc4 Rb4 35. Kd4 Rxa4 36. Re2+ Kd6 37. Re5 Ra2 38. Rxf5 Ke6 39. Re5+ Kd6 40. c5+ Kd7 41. Re2 Ra3 42. c3 a6 43. Rb2 Kc7 44. Rb6 Ra2 45. Rf6 Rxg2 46. Rxf7+ Kc6 47. Rxh7 Rxg3 48. Rh6+ Kb7 49. Rb6+ Ka7 50. f5 Rf3 51. f6 a5 52. Ke4 Rxc3 53. Kd5 Rf3 54. Ke6 Re3+ 55. Kd6 Rf3 56. Ke7 Rf5 57. f7 Rxc5 58. Rd6 1-0

[Event "VIII Int Rapid"]
[Site "El Sauzal ESP"]
[Date "2007.11.03"]
[Round "4"]
[White "Lopez Martinez, Josep"]
[Black "Novoselski, Z."]
[Result "1-0"]
[WhiteElo "2563"]
[BlackElo "2375"]
[PlyCount "67"]
[EventDate "2007.11.03"]
[Source "www.chesslib.no"]
[SourceDate "2004.05.04"]

1. e4 e5 2. Nf3 Nc6 3. Bb5 Bc5 4. O-O Qf6 5. c3 Nge7 6. Re1 h6 7. d4 Bb6 8. Na3 O-O 9. Nc4 d6 10. a4 a6 11. Nxb6 cxb6 12. Be2 Ng6 13. d5 Nb8 14. Be3 Nd7 15. Nd2 Qd8 16. Nc4 Qc7 17. Qb3 Nf4 18. Bf1 Rb8 19. Qb4 Nc5 20. Qxb6 Qxb6 21. Nxb6 f5 22. Bxc5 dxc5 23. g3 Ng6 24. Nxc8 Rbxc8 25. exf5 Ne7 26. Rxe5 Nxf5 27. Bh3 g6 28. Bxf5 Rxf5 29. Rxf5 gxf5 30. Re1 c4 31. Re5 Rc5 32. Rxf5 Ra5 33. Kg2 Kg7 34. g4 1-0

[Event "ch-FRA (team)"]
[Site "1998-9 French Team Ch FRA"]
[Date "1999.??.??"]
[Round "8"]
[White "Nunn, J."]
[Black "Neiman, E."]
[Result "1/2-1/2"]
[WhiteElo "2600"]
[BlackElo "2333"]
[PlyCount "68"]
[EventDate "1999.??.??"]
[Source "www.chesslib.no"]
[SourceDate "2004.05.04"]

1. e4 e5 2. Nf3 Nc6 3. Bb5 Bc5 4. O-O d6 5. c3 Bd7 6. d4 Bb6 7. dxe5 Nxe5 8. Nxe5 dxe5 9. Qd5 Bxb5 10. Qxe5+ Qe7 11. Qxb5+ c6 12. Qf5 Nf6 13. Nd2 O-O 14. e5 Nd7 15. Nc4 Bc7 16. Bg5 Qe6 17. Qxe6 fxe6 18. f4 b5 19. Rad1 bxc4 20. Rxd7 Bb6+ 21. Kh1 h6 22. Bh4 Be3 23. g3 g5 24. Re1 Rab8 25. Rxe3 Rxb2 26. Rd4 Rxa2 27. Re1 gxh4 28. gxh4 Rb8 29. f5 exf5 30. e6 Rbb2 31. Rd8+ Kh7 32. e7 Rxh2+ 33. Kg1 Rhg2+ 34. Kh1 Rh2+ 1/2-1/2

[Event "Bled ol (Men)"]
[Site "?"]
[Date "2002.11.02"]
[Round "8"]
[White "Pikula Dejan"]
[Black "Egorov Evgeni"]
[Result "1-0"]
[WhiteElo "2485"]
[BlackElo "2446"]
[PlyCount "117"]
[EventDate "2002.??.??"]
[Source "www.chesslib.no"]
[SourceDate "2004.05.04"]

1. e4 e5 2. Nf3 Nc6 3. Bb5 Bc5 4. O-O Nd4 5. Nxd4 Bxd4 6. c3 Bb6 7. d4 c6 8. Ba4 d6 9. Na3 Nf6 10. Nc4 Bc7 11. Bc2 Be6 12. Ne3 Qe7 13. b3 d5 14. exd5 cxd5 15. a4 exd4 16. cxd4 O-O-O 17. Ba3 Qd7 18. Bd3 Kb8 19. Bb5 Qc8 20. Rc1 h5 21. Be7 a6 22. Bd3 Ng4 23. h3 Rd7 24. Bg5 Nxe3 25. Bxe3 Qf8 26. Qd2 Bd6 27. Bf4 Bxf4 28. Qxf4+ Qd6 29. Qd2 Rc7 30. Rxc7 Qxc7 31. Rc1 Qb6 32. Qb2 Qb4 33. Qc3 Qxc3 34. Rxc3 a5 35. h4 Rc8 36. Rxc8+ Kxc8 37. Kh2 Kd7 38. Kg3 Ke7 39. Kf4 Kf6 40. Be2 Bf5 41. Bf3 Ke6 42. Bd1 g6 43. Kg5 f6+ 44. Kf4 Be4 45. g3 Ke7 46. Ke3 Ke6 47. Kd2 Kf5 48. f3 Bb1 49. Be2 g5 50. Kc1 gxh4 51. gxh4 Ba2 52. Kb2 Kf4 53. Kxa2 Ke3 54. Bb5 Kxf3 55. Be8 Kg4 56. Bf7 Kxh4 57. Bxd5 f5 58. Bxb7 Kg5 59. b4 1-0

[Event "Stip"]
[Site "Stip"]
[Date "1977.11.??"]
[Round "13"]
[White "Rajkovic, Dusan"]
[Black "Sofrevski, Jovan"]
[Result "1/2-1/2"]
[WhiteElo "2495"]
[BlackElo "2435"]
[PlyCount "22"]
[EventDate "1977.11.??"]
[Source "www.chesslib.no"]
[SourceDate "2004.05.04"]

1. e4 e5 2. Nf3 Nc6 3. Bb5 Bc5 4. O-O Nd4 5. Nxd4 Bxd4 6. c3 Bb6 7. d4 c6 8. Ba4 Nf6 9. Bg5 h6 10. Bh4 O-O 11. Nd2 d5 1/2-1/2

[Event "Las Palmas"]
[Site "Las Palmas"]
[Date "1972.??.??"]
[Round "1"]
[White "Andersson, Ulf"]
[Black "Lehmann, Heinz"]
[Result "1/2-1/2"]
[WhiteElo "2535"]
[BlackElo "2395"]
[PlyCount "47"]
[EventDate "1972.??.??"]
[Source "ChessBase"]

1. e4 e5 2. Nf3 Nc6 3. Bb5 Bc5 4. O-O d6 5. c3 Bd7 6. d4 Bb6 7. Na3 Nf6 8. Re1 O-O 9. Bg5 h6 10. Bh4 exd4 11. cxd4 Bg4 12. Bxc6 bxc6 13. Nc2 g5 14. Bg3 Re8 15. Qd3 Qd7 16. h4 Nh5 17. Nh2 d5 18. hxg5 hxg5 19. Qd2 f6 20. f3 Be6 21. Bf2 dxe4 22. fxe4 Qg7 23. d5 Bxf2+ 24. Kxf2 1/2-1/2

[Event "Nigran op"]
[Site "?"]
[Date "1995.??.??"]
[Round "8"]
[White "Lukov Valentin"]
[Black "Lima Darcy"]
[Result "1/2-1/2"]
[WhiteElo "2425"]
[BlackElo "2505"]
[PlyCount "31"]
[EventDate "1995.??.??"]
[Source "www.chesslib.no"]
[SourceDate "2004.05.04"]

1. e4 e5 2. Nf3 Nc6 3. Bb5 Bc5 4. O-O Nd4 5. Nxd4 Bxd4 6. c3 Bb6 7. d4 c6 8. Ba4 d6 9. Na3 Nf6 10. Bg5 h6 11. Bxf6 Qxf6 12. d5 Bd7 13. Nc4 Bc7 14. dxc6 bxc6 15. Qd3 O-O 16. Rad1 1/2-1/2

[Event "Jersey Open"]
[Site "?"]
[Date "2003.02.22"]
[Round "7"]
[White "Bellin Robert J"]
[Black "Hector Jonny"]
[Result "1/2-1/2"]
[WhiteElo "2360"]
[BlackElo "2570"]
[PlyCount "29"]
[EventDate "2003.??.??"]
[Source "www.chesslib.no"]
[SourceDate "2004.05.04"]

1. e4 e5 2. Nf3 Nc6 3. Bb5 Bc5 4. O-O d6 5. c3 Bd7 6. d4 Bb6 7. Bg5 f6 8. Be3 Nge7 9. Re1 O-O 10. Nbd2 Kh8 11. a4 a6 12. Bf1 Bg4 13. dxe5 Bxe3 14. Rxe3 dxe5 15. Be2 1/2-1/2